Post ward Amrican writing: A study of new journalism of capote, mailer and walfe (Record no. 78642)

MARC details
000 -LEADER
fixed length control field 00409nam a2200145Ia 4500
008 - FIXED-LENGTH DATA ELEMENTS--GENERAL INFORMATION
fixed length control field 230917s9999||||xx |||||||||||||| ||und||
040 ## - CATALOGING SOURCE
-- 128696
Original cataloging agency VIVEKANANDA LIBRARY
041 ## - Language
-- English
082 ## - DDC NUMBER
Classification number 810.9 S77P
100 ## - MAIN ENTRY--PERSONAL NAME
Personal name Suresh Chandra
245 #0 - TITLE STATEMENT
Title Post ward Amrican writing: A study of new journalism of capote, mailer and walfe
260 ## - PUBLICATION, DISTRIBUTION, ETC. (IMPRINT)
Place of publication, distribution, etc New Delhi
Name of publisher, distributor, etc Bahri Publications
Date of publication, distribution, etc 1991
300 ## - PHYSICAL DESCRIPTION
Pages 96 p.
942 ## - ADDED ENTRY ELEMENTS (KOHA)
Koha item type Books
Holdings
Withdrawn status Lost status Damaged status Not for loan Location (home branch) Sublocation or collection (holding branch) Date acquired Koha issues (times borrowed) Koha full call number Accession No. Koha date last seen Koha item type
        VIVEKANANDA LIBRARY VIVEKANANDA LIBRARY 29/01/2010   810.9 S77P 154731 17/09/2023 Books
© Designed and Maintained by Vivekananda Library, MDU Rohtak